| 000 | 00937nam a2200265Ia 4500 | ||
|---|---|---|---|
| 003 | OSt | ||
| 005 | 20220923224508.0 | ||
| 006 | a|||||r|||| 00| 0 | ||
| 007 | ta | ||
| 008 | 220922b |||||||| |||| 00| 0 hin d | ||
| 020 | _c475 | ||
| 024 | _a237,185 | ||
| 037 |
_b557, 23/03/2009, Vani Prakashan _cTextual |
||
| 040 |
_aARTS _cARTS _bhin |
||
| 041 |
_2hin _ahin |
||
| 082 | _aO152,2M72w,1, P2 | ||
| 100 | _aनारायण प्रसाद 'बेताब' | ||
| 245 | 0 | _aबेताब चरित | |
| 246 | _aBetāb charita | ||
| 260 |
_aनई दिल्ली _b राष्ट्रीय नाटय विद्यालय _c2002 |
||
| 300 |
_a106पृ. _ccm. |
||
| 650 |
_aहिन्दी साहित्य _9156264 |
||
| 942 |
_hO152,2M72w,1, P2 _cTEXL _2CC |
||
| 999 |
_c371827 _d371827 |
||